| 000 | 00771cam a22002535a 4500 | ||
|---|---|---|---|
| 001 | 18606517 | ||
| 005 | 20160223111220.0 | ||
| 008 | 150506s2015 ii a frb 001 0 eng d | ||
| 020 | _a0198098537 | ||
| 020 | _a9780198098539 | ||
| 040 |
_aDLC _cDLC _beng _dEG-ScBUE |
||
| 082 | 0 | 4 |
_222 _a330.015195 _bBHA |
| 100 | 1 |
_aBhaumik, Sankar Kumar. _939417 |
|
| 245 | 1 | 0 |
_aPrinciples of econometrics : _ba modern approach using eviews / _cSankar Kumar Bhaumik. |
| 250 | _a1st ed. | ||
| 260 |
_aNew Delhi : _bOxford University Press, _c2015. |
||
| 300 |
_axxv, 411 p. : _bill. ; _c24 cm. |
||
| 500 | _aIndex : p. 399-411. | ||
| 504 | _aBibliography : p. 394-398. | ||
| 650 | 7 |
_2BUEsh _93215 _aEconometrics. |
|
| 651 | _2BUEsh | ||
| 653 |
_bBUSECO _cFebruary2016 |
||
| 942 | _2ddc | ||
| 999 |
_c21215 _d21187 |
||